Sociology for Nurses (Record no. 156284)

MARC details
000 -LEADER
fixed length control field 00384nam a2200145Ia 4500
008 - FIXED-LENGTH DATA ELEMENTS--GENERAL INFORMATION
fixed length control field 230411s9999 xx 000 0 und d
020 ## - INTERNATIONAL STANDARD BOOK NUMBER
International Standard Book Number 978-81-239-1667-5
041 ## - LANGUAGE CODE
Language code of text/sound track or separate title eng
082 ## - DEWEY DECIMAL CLASSIFICATION NUMBER
Classification number SO/301/RAO/B05800
100 ## - MAIN ENTRY--PERSONAL NAME
Personal name Rao B
9 (RLIN) 178734
245 ## - TITLE STATEMENT
Title Sociology for Nurses
260 ## - PUBLICATION, DISTRIBUTION, ETC. (IMPRINT)
Name of publisher, distributor, etc. CBS Publishers & Distributors
Place of publication, distribution, etc. New Delhi
Date of publication, distribution, etc. 2009
300 ## - PHYSICAL DESCRIPTION
Extent 180p
Holdings
Withdrawn status Lost status Damaged status Not for loan Collection code Home library Current library Date acquired Vendor Cost, normal purchase price Bill number Total Checkouts Full call number Barcode Date last seen Cost, replacement price Bill Date Koha item type Original Barcode
          Smt. Bakul Tambat Institute of Nursing Education Smt. Bakul Tambat Institute of Nursing Education 10/11/2009 CBS Publishers / 85.00 IN2605   SO 301 RAO B05800 BTIN-BK-5800 11/04/2023 64.00 10/11/2009 Books B05800